00373 2200157 4500001002100000005001500021020002200036035002000058082000800078084001100086245003100097260003100128300002100159600000900180990002600189INLIS00000000000089420260316105601 a979-623-96074-2-5 a0010-0326000005 a813 a813 SI 3aSi Anak Badai /cTere Liye aDepok :bSabak Grib,c2024 a335 hlm ;c20 cm04aTere a2025/SMKMIRI/3144/001